[Event "CRO-chT U20 29th"]
[Site "Cakovec"]
[Date "2020.07.16"]
[Round "5.3"]
[White "Borzan, Andrej"]
[Black "Karlusic, Luka"]
[Result "0-1"]
[WhiteElo "1983"]
[BlackElo "2159"]
[PlyCount "84"]
[EventDate "2020.07.14"]
[EventType "team-tourn"]
[EventRounds "11"]
[EventCountry "CRO"]
[SourceTitle "CBM 197 Extra"]
[Source "ChessBase"]
[SourceDate "2020.09.30"]
[SourceVersion "1"]
[SourceVersionDate "2020.09.30"]
[SourceQuality "1"]
[WhiteTeam "Strigova Stridon U20"]
[BlackTeam "Sveta Nedelja U20"]
[WhiteTeamCountry "CRO"]
[BlackTeamCountry "CRO"]

1. d4 d5 2. c4 e6 3. Nc3 Nf6 4. Bg5 Be7 5. Nf3 0-0 6. e3 h6 7. Bh4 b6 8. cxd5 Nxd5 9. Bxe7 Qxe7 10. Nxd5 exd5 11. Rc1 Be6 12. Qa4 c5 13. Qa3 Rc8 14. Be2 Kf8 15. b3 Nd7 16. 0-0 g5 17. Bb5 a6 18. Bxd7 Bxd7 19. Ne5 Bb5 20. Rfe1 Rc7 21. Qb2 Qe6 22. dxc5 bxc5 23. Nd7+ Qxd7 24. a4 Kg8 25. axb5 axb5 26. f4 Qe6 27. Qe2 c4 28. bxc4 dxc4 29. fxg5 hxg5 30. Qf3 Rac8 31. Rb1 Rc5 32. Rf1 c3 33. Qb7 c2 34. Rbc1 Qxe3+ 35. Kh1 R8c7 36. Qb8+ Kg7 37. Qd8 Qe7 38. Qd4+ Qe5 39. Qd8 b4 40. h4 Rc4 41. Rfe1 Rxh4+ 42. Kg1 Qd4+ 0-1

[Event "Bosnjaci op 25th"]
[Site "Bosnjaci"]
[Date "2020.01.06"]
[Round "5"]
[White "Borzan, Andrej"]
[Black "Jakovljevic, Vlado"]
[Result "0-1"]
[WhiteElo "1970"]
[BlackElo "2351"]
[PlyCount "84"]
[EventDate "2020.01.03"]
[EventType "swiss"]
[EventRounds "9"]
[EventCountry "CRO"]
[SourceTitle "CBM 194 Extra"]
[Source "ChessBase"]
[SourceDate "2020.03.31"]
[SourceVersion "1"]
[SourceVersionDate "2020.03.31"]
[SourceQuality "1"]

1. d4 Nf6 2. c4 e6 3. Nc3 Bb4 4. Bd2 0-0 5. Nf3 b6 6. a3 Bxc3 7. Bxc3 Bb7 8. e3 Ne4 9. Qc2 f5 10. b4 d6 11. Qb2 Nd7 12. Be2 Qe7 13. 0-0 Rf6 14. Rac1 Rg6 15. c5 Bd5 16. cxd6 cxd6 17. b5 Ng5 18. Nxg5 Qxg5 19. g3 Qh6 20. f4 Nf6 21. Bf3 Bxf3 22. Rxf3 Ne4 23. Bb4 Qh5 24. Qg2 Rf6 25. Rc6 Rd8 26. Rf1 h6 27. Rc7 Rf7 28. Rfc1 Rdd7 29. Rxd7 Rxd7 30. Qa2 d5 31. Qc2 Kh7 32. Qc8 Qe2 33. Re1 Qxb5 34. Rc1 Qe2 35. Qxd7 Qxe3+ 36. Kg2 Qe2+ 37. Kg1 Qf2+ 38. Kh1 Qf3+ 39. Kg1 Nf2 40. h4 Ng4 41. Be1 Qe2 42. Rc2 Qxe1+ 0-1

[Event "Bosnjaci op 25th"]
[Site "Bosnjaci"]
[Date "2020.01.05"]
[Round "4"]
[White "Muratovic, Efim"]
[Black "Borzan, Andrej"]
[Result "1-0"]
[WhiteElo "2394"]
[BlackElo "1970"]
[PlyCount "113"]
[EventDate "2020.01.03"]
[EventType "swiss"]
[EventRounds "9"]
[EventCountry "CRO"]
[SourceTitle "CBM 194 Extra"]
[Source "ChessBase"]
[SourceDate "2020.03.31"]
[SourceVersion "1"]
[SourceVersionDate "2020.03.31"]
[SourceQuality "1"]

1. d4 d5 2. c4 e6 3. Nf3 Nf6 4. Bg5 Be7 5. Nc3 0-0 6. e3 h6 7. Bh4 b6 8. cxd5 Nxd5 9. Bxe7 Qxe7 10. Be2 Bb7 11. 0-0 Rc8 12. Rc1 Nd7 13. Qa4 c5 14. Ba6 N7f6 15. Nxd5 exd5 16. dxc5 bxc5 17. b3 Rab8 18. Rfd1 Qe6 19. Bxb7 Rxb7 20. Qa5 Qb6 21. Qc3 Rbc7 22. Qe5 a5 23. h4 a4 24. Rc3 Re8 25. Qf5 Qa5 26. Rdc1 axb3 27. axb3 Rec8 28. g4 Qb4 29. g5 Qg4+ 30. Qxg4 Nxg4 31. Kg2 h5 32. Rd1 Rd8 33. b4 Rdc8 34. bxc5 Rxc5 35. Rcd3 Rc2 36. R1d2 Rxd2 37. Rxd2 Rc5 38. Kg3 Kf8 39. Kf4 Rc4+ 40. Nd4 f6 41. f3 Ne5 42. gxf6 gxf6 43. Kf5 Kf7 44. Rb2 Rc7 45. Rb6 Nd7 46. Rd6 Ke7 47. Re6+ Kf7 48. Nb5 Rc5 49. Nd6+ Kg8 50. Re8+ Nf8 51. Kxf6 Rc6 52. Ke5 Rc5 53. Kf6 Rc6 54. Rd8 Kh7 55. Ke5 Ng6+ 56. Kxd5 Ne7+ 57. Ke4 1-0

[Event "Bosnjaci op 25th"]
[Site "Bosnjaci"]
[Date "2020.01.04"]
[Round "2"]
[White "Stocko, Josip"]
[Black "Borzan, Andrej"]
[Result "0-1"]
[WhiteElo "2262"]
[BlackElo "1970"]
[PlyCount "100"]
[EventDate "2020.01.03"]
[EventType "swiss"]
[EventRounds "9"]
[EventCountry "CRO"]
[SourceTitle "CBM 194 Extra"]
[Source "ChessBase"]
[SourceDate "2020.03.31"]
[SourceVersion "1"]
[SourceVersionDate "2020.03.31"]
[SourceQuality "1"]

1. e4 d6 2. d4 Nf6 3. Nc3 g6 4. g3 Bg7 5. Bg2 0-0 6. Nge2 e5 7. 0-0 Nbd7 8. h3 c6 9. a4 Qc7 10. Be3 Re8 11. Qd2 Nb6 12. b3 a5 13. Rad1 d5 14. exd5 Nfxd5 15. Nxd5 Nxd5 16. Bh6 e4 17. Bxg7 Kxg7 18. Qc1 f5 19. Rfe1 Be6 20. Qb2 Kg8 21. Nc3 Rac8 22. Nb1 Bf7 23. Na3 e3 24. c4 Nf6 25. fxe3 Qxg3 26. Qf2 Ne4 27. Qxg3 Nxg3 28. d5 cxd5 29. Bxd5 Bxd5 30. Rxd5 b6 31. Nb5 Rcd8 32. Nd6 Rf8 33. Red1 Ne2+ 34. Kg2 Nc3 35. R1d3 Nxd5 36. Rxd5 Kg7 37. Kg3 Kf6 38. e4 fxe4 39. Nxe4+ Kg7 40. Rb5 Rd3+ 41. Kg2 Re8 42. Nf2 Re2 43. Kf1 Rdd2 44. Ng4 h5 45. Ne5 Ra2 46. Nd3 Rh2 47. Kg1 Rxh3 48. Rd5 Rd2 49. Nf4 Rxd5 50. cxd5 Rxb3 0-1

[Event "CRO-ch U17/U19"]
[Site "Vinkovci"]
[Date "2019.07.26"]
[Round "7"]
[White "Kanizaj, Benjamin"]
[Black "Borzan, Andrej"]
[Result "0-1"]
[WhiteElo "1962"]
[BlackElo "1897"]
[PlyCount "60"]
[EventDate "2019.07.22"]
[EventType "swiss"]
[EventRounds "9"]
[EventCountry "CRO"]
[SourceTitle "EXT 2020"]
[Source "ChessBase"]
[SourceDate "2019.10.17"]
[SourceVersion "1"]
[SourceVersionDate "2019.10.17"]
[SourceQuality "1"]

1. e4 d6 2. d4 Nf6 3. Nc3 g6 4. f4 Bg7 5. Nf3 0-0 6. Bd3 Nc6 7. a3 e5 8. d5 Ne7 9. fxe5 dxe5 10. 0-0 c6 11. dxc6 Nxc6 12. Kh1 h6 13. Be3 Be6 14. Na4 Nd7 15. c4 Nd4 16. Nc3 Nc5 17. Bxd4 exd4 18. Nd5 Bxd5 19. exd5 a5 20. b3 Re8 21. Re1 Rxe1+ 22. Nxe1 Qg5 23. Rb1 Re8 24. b4 axb4 25. axb4 Rxe1+ 26. Qxe1 Nxd3 27. Qe8+ Bf8 28. d6 Qe3 29. Qxe3 dxe3 30. Kg1 e2 0-1

[Event "Bosnjaci op 24th"]
[Site "Bosnjaci"]
[Date "2019.01.07"]
[Round "7"]
[White "Borzan, Andrej"]
[Black "Katic, Zeljko"]
[Result "1/2-1/2"]
[WhiteElo "1818"]
[BlackElo "2035"]
[PlyCount "150"]
[EventDate "2019.01.03"]
[EventType "swiss"]
[EventRounds "9"]
[EventCountry "CRO"]
[SourceTitle "CBM 188 Extra"]
[Source "ChessBase"]
[SourceDate "2019.02.26"]
[SourceVersion "1"]
[SourceVersionDate "2019.02.26"]
[SourceQuality "1"]

1. d4 Nf6 2. Nf3 g6 3. Bf4 Bg7 4. e3 d6 5. c4 0-0 6. Nc3 Re8 7. Be2 Nbd7 8. 0-0 Nh5 9. Bg3 Nxg3 10. hxg3 e5 11. d5 e4 12. Nd4 a6 13. Qc2 Nf6 14. Rad1 Qe7 15. Rfe1 h5 16. b4 Qe5 17. Rc1 Qg5 18. Bf1 h4 19. gxh4 Qxh4 20. g3 Qg5 21. Bg2 Bf5 22. Nxf5 gxf5 23. Ne2 Ng4 24. Nf4 Be5 25. Bh3 Nf6 26. Qd2 Kg7 27. c5 Rh8 28. Bg2 Rh7 29. cxd6 cxd6 30. Rc7 Rah8 31. Ne6+ Kg6 32. Nxg5 Kxg5 33. Rxb7 Ng4 34. Ra7 Nh2 35. Qe2 Kf6 36. Rc1 Rg8 37. Rcc7 Rgg7 38. Qxa6 Nf3+ 39. Kf1 Rh2 40. Bxf3 exf3 41. Rxf7+ Rxf7 42. Rxf7+ Kxf7 43. Kg1 Rg2+ 44. Kf1 Rh2 45. Ke1 Bc3+ 46. Kd1 Rxf2 47. Qxd6 Rd2+ 48. Kc1 f2 49. Qe6+ Kg7 50. Qd7+ Kg6 51. Qc6+ Bf6 52. Kxd2 f1Q 53. b5 Qf2+ 54. Kd3 Qxa2 55. b6 Qb3+ 56. Ke2 Kg5 57. b7 Be5 58. d6 Bxg3 59. d7 Qb2+ 60. Kd3 Qb3+ 61. Kd2 Qb2+ 62. Kd1 Qb1+ 63. Qc1 Qd3+ 64. Qd2 Qb1+ 65. Ke2 Qb5+ 66. Kf3 Bc7 67. d8Q+ Bxd8 68. Qxd8+ Kh5 69. b8Q Qf1+ 70. Kg3 Qg1+ 71. Kf4 Qf2+ 72. Ke5 Qxe3+ 73. Kxf5 Qf3+ 74. Qf4 Qd5+ 75. Qe5 Qxd8 1/2-1/2

[Event "Valpovo U18 11th"]
[Site "Valpovo"]
[Date "2018.12.08"]
[Round "5.1"]
[White "Galonja, Igor"]
[Black "Borzan, Andrej"]
[Result "1/2-1/2"]
[WhiteElo "1856"]
[BlackElo "1818"]
[PlyCount "56"]
[EventDate "2018.12.07"]
[EventType "tourn (rapid)"]
[EventRounds "4"]
[EventCountry "CRO"]
[SourceTitle "EXT 2023"]
[Source "ChessBase"]
[SourceDate "2022.10.05"]
[SourceVersion "1"]
[SourceVersionDate "2022.10.05"]
[SourceQuality "1"]

1. d4 d5 2. c4 c6 3. Nc3 Nf6 4. Nf3 e6 5. cxd5 exd5 6. Bg5 Be7 7. e3 0-0 8. Bd3 h6 9. Bh4 Be6 10. 0-0 Nbd7 11. Rc1 Rc8 12. a3 a5 13. h3 Qb6 14. Na4 Qd8 15. Nc3 Qb6 16. Na4 Qd8 17. Bb1 Re8 18. Qd3 Ne4 19. Bxe7 Qxe7 20. Nd2 Ndf6 21. Nxe4 Nxe4 22. f3 Nf6 23. Nb6 Rcd8 24. Qd2 Qc7 25. Qxa5 Rb8 26. Nc4 Qxa5 27. Nxa5 Bd7 28. h4 Rxe3 1/2-1/2

[Event "EU-ch U18 28th"]
[Site "Riga"]
[Date "2018.08.21"]
[Round "2"]
[White "Borzan, Andrej"]
[Black "Paiva, Henrique MA Alberg"]
[Result "0-1"]
[WhiteElo "1831"]
[BlackElo "2080"]
[PlyCount "96"]
[EventDate "2018.08.20"]
[EventType "swiss"]
[EventRounds "9"]
[EventCountry "LAT"]
[SourceTitle "CBM 186 Extra"]
[Source "ChessBase"]
[SourceDate "2018.08.24"]
[SourceVersion "1"]
[SourceVersionDate "2018.08.24"]
[SourceQuality "1"]

1. d4 d5 2. c4 c6 3. Nc3 Nf6 4. Bf4 e6 5. c5 Nbd7 6. Nf3 Be7 7. e3 0-0 8. Bd3 b6 9. b4 bxc5 10. bxc5 Qa5 11. Qc2 Ne4 12. Rc1 f5 13. 0-0 Bf6 14. Bxe4 fxe4 15. Ng5 e5 16. dxe5 Nxe5 17. Ncxe4 dxe4 18. Qxe4 Bxg5 19. Bxg5 Nf7 20. Be7 Re8 21. Qxc6 Ba6 22. Rfd1 Rac8 23. Qe6 Be2 24. Re1 Rxc5 25. Qd7 Bb5 26. Qxe8+ Bxe8 27. Bxc5 h6 28. a3 Kh7 29. Bb4 Qb6 30. Rc5 Ng5 31. f3 Qg6 32. Kf2 Qf6 33. Kg1 Bg6 34. Rc7 Qb6 35. Re7 Ne6 36. Kf2 a5 37. Bxa5 Qxa5 38. Rxe6 Bd3 39. Rd1 Qxa3 40. Re8 Qb3 41. Ke1 Bg6 42. Red8 Qxe3+ 43. Kf1 Bc2 44. R1d2 Ba4 45. R2d5 Bc6 46. Ra5 Qc1+ 47. Kf2 Qb2+ 48. Kg3 Qb6 0-1

[Event "Valpovo U18 09th"]
[Site "Valpovo"]
[Date "2017.12.08"]
[Round "2.1"]
[White "Borzan, Andrej"]
[Black "Raguz, Frano"]
[Result "1-0"]
[WhiteElo "1750"]
[BlackElo "1538"]
[PlyCount "49"]
[EventDate "2017.12.08"]
[EventType "tourn (rapid)"]
[EventRounds "5"]
[EventCountry "CRO"]
[SourceTitle "EXT 2023"]
[Source "ChessBase"]
[SourceDate "2022.10.05"]
[SourceVersion "1"]
[SourceVersionDate "2022.10.05"]
[SourceQuality "1"]

1. d4 Nf6 2. c4 c5 3. d5 b5 4. cxb5 a6 5. Nc3 g6 6. e4 Bg7 7. Nf3 0-0 8. Be3 d6 9. Qd2 Nbd7 10. Bh6 Nb6 11. Bxg7 Kxg7 12. b3 axb5 13. Bxb5 Ba6 14. Bxa6 Rxa6 15. Qd3 Qa8 16. 0-0 Rc8 17. Nd2 Nfd7 18. Nb5 Rxa2 19. Rxa2 Qxa2 20. Qc3+ Ne5 21. Ra1 Qxa1+ 22. Qxa1 Rd8 23. Qb2 Kf8 24. Nc4 Nexc4 25. Qh8# 1-0

[Event "CRO-ch U17"]
[Site "Vinkovci"]
[Date "2017.07.29"]
[Round "8"]
[White "Borzan, Andrej"]
[Black "Sculac, Zvonimir"]
[Result "1/2-1/2"]
[WhiteElo "1690"]
[BlackElo "1746"]
[PlyCount "43"]
[EventDate "2017.07.24"]
[EventType "swiss"]
[EventRounds "9"]
[EventCountry "CRO"]
[SourceTitle "EXT 2018"]
[Source "ChessBase"]
[SourceDate "2017.10.13"]
[SourceVersion "1"]
[SourceVersionDate "2017.10.13"]
[SourceQuality "1"]

1. d4 Nf6 2. c4 e6 3. Nc3 Bb4 4. Qc2 b6 5. Bg5 Bb7 6. Nf3 h6 7. Bh4 g5 8. Bg3 Ne4 9. e3 d6 10. Nd2 Bxc3 11. bxc3 Nxg3 12. hxg3 Nd7 13. Rb1 Qe7 14. Qa4 Kf8 15. Qc2 Kg7 16. g4 c5 17. Ne4 Nf6 18. Nxf6 Qxf6 19. Qd3 Rad8 20. d5 Qe5 21. Rd1 Rhf8 22. Be2 1/2-1/2

[Event "CRO-ch U17"]
[Site "Vinkovci"]
[Date "2017.07.26"]
[Round "4"]
[White "Kukas, Oliver"]
[Black "Borzan, Andrej"]
[Result "1-0"]
[WhiteElo "2068"]
[BlackElo "1690"]
[PlyCount "49"]
[EventDate "2017.07.24"]
[EventType "swiss"]
[EventRounds "9"]
[EventCountry "CRO"]
[SourceTitle "EXT 2018"]
[Source "ChessBase"]
[SourceDate "2017.10.13"]
[SourceVersion "1"]
[SourceVersionDate "2017.10.13"]
[SourceQuality "1"]

1. e4 e5 2. Nf3 Nc6 3. d4 exd4 4. Bc4 d6 5. Nxd4 Nxd4 6. Qxd4 Qf6 7. Qd3 Bd7 8. Nc3 Ne7 9. 0-0 g6 10. Re1 c6 11. e5 Qf5 12. exd6 Qxd3 13. Bxd3 Be6 14. dxe7 Bxe7 15. Bf4 0-0 16. a3 Rad8 17. Rad1 Rfe8 18. h3 Bf6 19. Be5 Bxe5 20. Rxe5 b6 21. Rde1 Kf8 22. f4 h5 23. Kf2 c5 24. Bb5 Rd2+ 25. R1e2 1-0

[Event "Valpovo op U20 13th rap"]
[Site "Valpovo"]
[Date "2016.12.11"]
[Round "6"]
[White "Kakuk, Tibor"]
[Black "Borzan, Andrej"]
[Result "0-1"]
[WhiteElo "1620"]
[BlackElo "1631"]
[PlyCount "90"]
[EventDate "2016.12.09"]
[EventType "swiss (rapid)"]
[EventRounds "7"]
[EventCountry "CRO"]
[SourceTitle "EXT 2019"]
[Source "ChessBase"]
[SourceDate "2018.10.10"]
[SourceVersion "1"]
[SourceVersionDate "2018.10.10"]
[SourceQuality "1"]

1. e4 e5 2. Nf3 Nc6 3. d4 exd4 4. Nxd4 Qh4 5. Be2 Bc5 6. Be3 Bxd4 7. Bxd4 Qxe4 8. Bc3 Nge7 9. 0-0 0-0 10. Bd3 Qf4 11. Re1 d6 12. Re4 Qh6 13. Nd2 Bf5 14. Re3 Bxd3 15. Rxd3 Nf5 16. Rh3 Qg6 17. Qf3 Ne5 18. Qxb7 c5 19. Rc1 Nd4 20. Bxd4 cxd4 21. Qe4 Qxe4 22. Nxe4 d5 23. Nc5 Rfc8 24. Nd3 f6 25. f4 Nc4 26. c3 dxc3 27. Rxc3 Rab8 28. Rf3 d4 29. Rc2 Ne3 30. Rd2 Rc2 31. Rxc2 Nxc2 32. Rf2 Nb4 33. Nxb4 Rxb4 34. Rd2 Kf7 35. Kf2 Ke6 36. Kf3 Kd5 37. b3 a5 38. Rd3 Rb7 39. g3 Rc7 40. Rd2 Rc3+ 41. Ke2 Ke4 42. Kf2 d3 43. Ke1 Rc1+ 44. Kf2 Rc2 45. Ke1 Ke3 0-1

[Event "Valpovo op U20 13th rap"]
[Site "Valpovo"]
[Date "2016.12.10"]
[Round "4"]
[White "Colev, Ivor"]
[Black "Borzan, Andrej"]
[Result "0-1"]
[WhiteElo "1426"]
[BlackElo "1631"]
[PlyCount "78"]
[EventDate "2016.12.09"]
[EventType "swiss (rapid)"]
[EventRounds "7"]
[EventCountry "CRO"]
[SourceTitle "EXT 2019"]
[Source "ChessBase"]
[SourceDate "2018.10.10"]
[SourceVersion "1"]
[SourceVersionDate "2018.10.10"]
[SourceQuality "1"]

1. e4 e5 2. Nf3 Nc6 3. d4 exd4 4. Nxd4 Bc5 5. Nb3 Bb6 6. Nc3 d6 7. Bc4 h6 8. Qe2 Nf6 9. Be3 0-0 10. 0-0-0 Be6 11. Bxe6 fxe6 12. f3 Bxe3+ 13. Qxe3 a5 14. g4 Nh7 15. h4 Qf6 16. Nd2 a4 17. Rde1 a3 18. b3 Qd4 19. Qxd4 Nxd4 20. Rhf1 b5 21. Kd1 b4 22. Ne2 Nxe2 23. Kxe2 Rf4 24. Ke3 Raf8 25. Nc4 e5 26. Na5 Nf6 27. Ke2 d5 28. exd5 Nxd5 29. Nc6 Nc3+ 30. Ke3 e4 31. Ne7+ Kh7 32. Nf5 Rxf3+ 33. Rxf3 exf3 34. Nd4 f2 35. Rf1 Nxa2 36. Ne2 Nc3 37. Nxc3 bxc3 38. Ke2 Re8+ 39. Kd1 Re1+ 0-1

[Event "CRO-ch U15"]
[Site "Trogir"]
[Date "2016.06.26"]
[Round "9"]
[White "Borzan, Andrej"]
[Black "Mican, Mato"]
[Result "1/2-1/2"]
[WhiteElo "1512"]
[BlackElo "1967"]
[PlyCount "65"]
[EventDate "2016.06.21"]
[EventType "swiss"]
[EventRounds "9"]
[EventCountry "CRO"]
[SourceTitle "EXT 2017"]
[Source "ChessBase"]
[SourceDate "2016.10.25"]
[SourceVersion "1"]
[SourceVersionDate "2016.10.25"]
[SourceQuality "1"]

1. d4 d5 2. c4 e6 3. Nc3 Nf6 4. Bg5 Be7 5. e3 0-0 6. Nf3 h6 7. Bh4 b6 8. Be2 dxc4 9. Bxc4 Bb7 10. 0-0 Ne4 11. Bxe7 Qxe7 12. Nxe4 Bxe4 13. Qe2 Nd7 14. Rac1 Rfd8 15. Rfd1 c5 16. Nd2 Bb7 17. Nb3 cxd4 18. Rxd4 Ne5 19. Ba6 Rac8 20. Rxc8 Rxc8 21. Bxb7 Qxb7 22. Qd2 Qc7 23. h3 Qc2 24. Qxc2 Rxc2 25. Rd2 Rxd2 26. Nxd2 Nd3 27. b3 Kf8 28. Kf1 Ke7 29. a4 Nc5 30. Ke2 Kd6 31. e4 Kc6 32. Ke3 b5 33. a5 1/2-1/2

[Event "CRO-ch U15"]
[Site "Trogir"]
[Date "2016.06.24"]
[Round "6"]
[White "Jakrlin, Mihael"]
[Black "Borzan, Andrej"]
[Result "1/2-1/2"]
[WhiteElo "1690"]
[BlackElo "1512"]
[PlyCount "110"]
[EventDate "2016.06.21"]
[EventType "swiss"]
[EventRounds "9"]
[EventCountry "CRO"]
[SourceTitle "EXT 2017"]
[Source "ChessBase"]
[SourceDate "2016.10.25"]
[SourceVersion "1"]
[SourceVersionDate "2016.10.25"]
[SourceQuality "1"]

1. d4 d5 2. c4 c6 3. Nc3 Nf6 4. Nf3 e6 5. e3 Nbd7 6. a3 Be7 7. Bd2 0-0 8. b4 Qc7 9. Rc1 Qd8 10. Be2 dxc4 11. Bxc4 Nd5 12. e4 Nxc3 13. Bxc3 Nf6 14. Qe2 b6 15. 0-0 Bb7 16. Rfd1 b5 17. Bd3 Qb6 18. Ng5 h6 19. Nf3 Rfd8 20. Kh1 Rac8 21. Rg1 Qc7 22. g4 Nh7 23. Bd2 f6 24. Bxb5 Qd6 25. Bc4 Ng5 26. Bxg5 hxg5 27. Qe3 Kf7 28. Rg3 Rh8 29. Kg1 Rh6 30. Re1 Rch8 31. e5 fxe5 32. Qxe5 Qxe5 33. Rxe5 Bd6 34. Nxg5+ Ke7 35. Rf3 Bxe5 36. Rf7+ Ke8 37. dxe5 Bc8 38. Rxa7 Bd7 39. a4 Rxh2 40. b5 cxb5 41. axb5 Rh1+ 42. Kg2 R8h6 43. b6 Rb1 44. b7 Rg6 45. Ra8+ Ke7 46. b8Q Rxb8 47. Rxb8 Rxg5 48. Kg3 Rxe5 49. Rb7 Kd6 50. Rb8 g5 51. Rf8 Ke7 52. Rh8 Bc6 53. Rh7+ Kd6 54. Rf7 Bd5 55. Bb5 Kc5 1/2-1/2

[Event "CRO-ch U15"]
[Site "Trogir"]
[Date "2016.06.22"]
[Round "3"]
[White "Borzan, Andrej"]
[Black "Bulic Braculj, Luka"]
[Result "1/2-1/2"]
[WhiteElo "1512"]
[BlackElo "1804"]
[PlyCount "77"]
[EventDate "2016.06.21"]
[EventType "swiss"]
[EventRounds "9"]
[EventCountry "CRO"]
[SourceTitle "EXT 2017"]
[Source "ChessBase"]
[SourceDate "2016.10.25"]
[SourceVersion "1"]
[SourceVersionDate "2016.10.25"]
[SourceQuality "1"]

1. d4 Nf6 2. c4 e6 3. Nc3 Bb4 4. a3 Bxc3+ 5. bxc3 b6 6. Bg5 Nc6 7. Qc2 h6 8. Bh4 Ba6 9. e3 Na5 10. Qa2 d6 11. Nf3 Qd7 12. Bxf6 gxf6 13. Nd2 Qa4 14. Rb1 c5 15. d5 Ke7 16. e4 Rag8 17. f3 h5 18. Kf2 h4 19. Rg1 Rg7 20. Be2 Rhg8 21. Bf1 e5 22. Be2 Bc8 23. Rbc1 f5 24. Bd3 f4 25. h3 Rg6 26. Nb1 R8g7 27. Rc2 Bxh3 28. Ke1 Qe8 29. Bf1 Qg8 30. g4 Bxf1 31. Kxf1 Rh7 32. Rh2 f6 33. Rh3 Qc8 34. Nd2 Qa6 35. Ke2 Rg8 36. Rgh1 Rgh8 37. Rb1 Rb8 38. Rbh1 Rbh8 39. Rb1 1/2-1/2